000 00988nam a22002297a 4500
003 OSt
005 20250509121353.0
008 250509s1990 us ao fr|||| 00| 0 eng d
020 _a0931146143
040 _aCENDOC CAAAP
_bspa
_cCAAAP
041 _aeng
050 _aRS 180
_bS38
100 1 _95469
_aSchultes, Richard
245 3 0 _aThe Healing Forest :
_bMedicinal and Toxic Plants of the Northwest Amazonia /
_cRichard Evans Schultes y Robert Francis Raffauf
250 0 _a1ra. edición
260 1 _aOregon, Estados Unidos :
_bDioscorides Press,
_c1990
300 _a484 páginas :
_bilustración, fotografías,
_c27 cm
520 _aEstudio exhaustivo sobre las plantas medicinales y tóxicas utilizadas por las comunidades indígenas de la Amazonía noroccidental, documentando sus usos etnobotánicos, propiedades farmacológicas y aplicaciones tradicionales.
650 1 0 _9378
_aPlantas medicinales
_xEtnobotánica
_zAmazonía
700 1 _95470
_aRaffauf, Robert
942 _2lcc
_cBK
999 _c3993
_d3993